[Event "Vrindavana MMT op"]
[Site "Mathura"]
[Date "2023.04.25"]
[Round "6"]
[White "Samal, Ansuman"]
[Black "Majumder, Shrayan"]
[Result "0-1"]
[WhiteElo "1586"]
[BlackElo "1821"]
[PlyCount "86"]
[EventDate "2023.04.23"]
[EventType "swiss"]
[EventRounds "9"]
[EventCountry "IND"]
[SourceTitle "CBM 213 Extra"]
[Source "ChessBase"]
[SourceDate "2023.05.31"]
[SourceVersion "1"]
[SourceVersionDate "2023.05.31"]
[SourceQuality "1"]

1. Nf3 d5 2. g3 Nf6 3. Bg2 e6 4. d3 Be7 5. 0-0 0-0 6. Nbd2 c5 7. e4 Nc6 8. e5 Nd7 9. Re1 Qc7 10. Qe2 b5 11. h4 a5 12. Nf1 Ba6 13. N1h2 Rfc8 14. h5 Nd4 15. Qd1 Nxf3+ 16. Nxf3 c4 17. d4 c3 18. b3 a4 19. Bh3 b4 20. Rb1 Bb5 21. Ng5 Nf8 22. Qf3 Be8 23. Bf1 axb3 24. axb3 Ra2 25. Bd3 Rca8 26. h6 g6 27. Bb5 Bxg5 28. Bxe8 Bd8 29. Qd3 R8a5 30. Ba4 Nd7 31. Bf4 Nb6 32. Ra1 Rxa1 33. Rxa1 Qa7 34. Rb1 Nxa4 35. bxa4 Be7 36. Qe3 Rxa4 37. Bg5 Bf8 38. Qf4 Ra1 39. Rf1 Qa6 40. Rxa1 Qxa1+ 41. Qc1 Qb2 42. Qd1 b3 43. cxb3 c2 0-1

[Event "Novi Sad TS Mix 223rd"]
[Site "Novi Sad"]
[Date "2021.11.17"]
[Round "3"]
[White "Joshua, AP."]
[Black "Samal, Ansuman"]
[Result "1-0"]
[WhiteElo "2074"]
[BlackElo "1974"]
[PlyCount "57"]
[EventDate "2021.11.16"]
[EventType "swiss"]
[EventRounds "9"]
[EventCountry "SRB"]
[SourceTitle "CBM 205 Extra"]
[Source "ChessBase"]
[SourceDate "2022.01.31"]
[SourceVersion "1"]
[SourceVersionDate "2022.01.31"]
[SourceQuality "1"]

1. Nf3 Nf6 2. g3 g6 3. b3 Bg7 4. Bb2 0-0 5. Bg2 d6 6. d4 e5 7. dxe5 Ng4 8. 0-0 Nc6 9. c4 Ngxe5 10. Nxe5 Nxe5 11. Qd2 Bd7 12. f4 Nc6 13. Bxg7 Kxg7 14. Nc3 f5 15. Rad1 Be6 16. Rfe1 Qf6 17. e4 Rfe8 18. exf5 gxf5 19. Nb5 Re7 20. Bd5 Nd8 21. Nd4 c6 22. Bg2 Rc8 23. Qa5 b6 24. Qa3 Nf7 25. Nxc6 Rec7 26. Nd4 Bd7 27. Bd5 Nd8 28. Qb2 Rc5 29. Re7+ 1-0

[Event "New Delhi Parsvnath blitz op 18th"]
[Site "New Delhi"]
[Date "2020.01.14"]
[Round "3"]
[White "Ratnakaran, Kantoli"]
[Black "Samal, Ansuman"]
[Result "1-0"]
[WhiteElo "2329"]
[BlackElo "1856"]
[PlyCount "64"]
[EventDate "2020.01.14"]
[EventType "swiss (blitz)"]
[EventRounds "9"]
[EventCountry "IND"]
[SourceTitle "CBM 194 Extra"]
[Source "ChessBase"]
[SourceDate "2020.03.31"]
[SourceVersion "1"]
[SourceVersionDate "2020.03.31"]
[SourceQuality "1"]

1. e4 Nf6 2. e5 Nd5 3. Nc3 Nb6 4. f4 d6 5. Nf3 g6 6. d4 Bg7 7. Be2 0-0 8. h4 dxe5 9. fxe5 Bg4 10. Bg5 h6 11. Be3 c5 12. dxc5 Qxd1+ 13. Rxd1 N6d7 14. Nd5 Nc6 15. e6 fxe6 16. Nxe7+ Nxe7 17. Rxd7 Nd5 18. Bc1 Rf7 19. Rxf7 Kxf7 20. Ng5+ hxg5 21. Bxg4 gxh4 22. Rxh4 Rc8 23. Rh7 Rxc5 24. Bh6 Nf6 25. Rxg7+ Ke8 26. Rxg6 Nxg4 27. Rxg4 Rxc2 28. Bg7 Kd7 29. Bc3 Rc1+ 30. Ke2 Rg1 31. Bd4 Ra1 32. a3 Rc1 1-0

[Event "Odisha-ch 60th"]
[Site "Balasore"]
[Date "2019.10.04"]
[Round "7"]
[White "Samal, Ansuman"]
[Black "Mohanty, Ashutosh"]
[Result "1-0"]
[WhiteElo "1853"]
[BlackElo "1332"]
[PlyCount "49"]
[EventDate "2019.10.01"]
[EventType "swiss"]
[EventRounds "9"]
[EventCountry "IND"]
[SourceTitle "CBM 192 Extra"]
[Source "Chessbase"]
[SourceDate "2019.11.06"]
[SourceVersion "1"]
[SourceVersionDate "2019.11.06"]
[SourceQuality "1"]

1. e4 e6 2. d3 d5 3. Nd2 c5 4. g3 Nc6 5. Bg2 Nf6 6. Ngf3 Bd6 7. 0-0 0-0 8. Re1 Qc7 9. Qe2 dxe4 10. Nxe4 Be7 11. Bf4 Qd8 12. Rad1 Nd5 13. Bc1 e5 14. Nc3 Nxc3 15. bxc3 Qa5 16. Bd2 f6 17. d4 Bd6 18. Nh4 Qc7 19. dxc5 Be7 20. Bd5+ Kh8 21. Qh5 g5 22. Ng6+ Kg7 23. Nxf8 Bxf8 24. Bxg5 fxg5 25. Qxg5+ 1-0

[Event "Gujarat op 2nd"]
[Site "Ahmedabad"]
[Date "2019.09.28"]
[Round "9"]
[White "Thanki, Hemal Karsanji"]
[Black "Samal, Ansuman"]
[Result "1-0"]
[WhiteElo "2098"]
[BlackElo "1847"]
[PlyCount "57"]
[EventDate "2019.09.22"]
[EventType "swiss"]
[EventRounds "10"]
[EventCountry "IND"]
[SourceTitle "EXT 2020"]
[Source "ChessBase"]
[SourceDate "2019.10.17"]
[SourceVersion "1"]
[SourceVersionDate "2019.10.17"]
[SourceQuality "1"]

1. d4 Nf6 2. c4 g6 3. Nc3 Bg7 4. e4 0-0 5. Nf3 d6 6. Be2 e5 7. 0-0 Nc6 8. d5 Ne7 9. Ne1 Nd7 10. f3 f5 11. Be3 f4 12. Bf2 g5 13. Rc1 Rf6 14. Nd3 Rh6 15. c5 Qe8 16. Nb5 Qh5 17. h4 Ng6 18. g4 fxg3 19. Bxg3 Nf4 20. Nxc7 Rg6 21. Kh1 Nf6 22. Nxa8 Nxe4 23. Be1 Bh3 24. Nxf4 gxf4 25. fxe4 Bg2+ 26. Kh2 f3 27. Bxf3 Bxf3 28. Qxf3 Rg4 29. cxd6 1-0

[Event "Udaipur Lakecity rapid op 1st"]
[Site "Udaipur"]
[Date "2019.09.14"]
[Round "3"]
[White "Samal, Ansuman"]
[Black "Laxman, Rajaram"]
[Result "0-1"]
[WhiteElo "1847"]
[BlackElo "2437"]
[PlyCount "138"]
[EventDate "2019.09.14"]
[EventType "swiss (rapid)"]
[EventRounds "9"]
[EventCountry "IND"]
[SourceTitle "EXT 2020"]
[Source "ChessBase"]
[SourceDate "2019.10.17"]
[SourceVersion "1"]
[SourceVersionDate "2019.10.17"]
[SourceQuality "1"]

1. e4 e5 2. Nf3 Nc6 3. d4 exd4 4. Nxd4 Qf6 5. Be3 Bc5 6. c3 b6 7. Be2 Bb7 8. 0-0 Nge7 9. Nxc6 Qxc6 10. Bxc5 bxc5 11. Bf3 Qe6 12. Bg4 Qc6 13. Bf3 0-0 14. Na3 Rad8 15. Re1 Ng6 16. g3 c4 17. Qd4 Ba6 18. Rad1 d6 19. Be2 Ne5 20. f4 Nd3 21. Bxd3 cxd3 22. c4 Rfe8 23. Rxd3 Bb7 24. Rde3 a6 25. Nb1 Qd7 26. Nc3 h5 27. Nd5 c6 28. Nc3 h4 29. gxh4 f6 30. Qd1 Qf7 31. b3 f5 32. Rg3 fxe4 33. Nxe4 c5 34. Ng5 Qxf4 35. Rf1 Qxh4 36. Qd3 Re5 37. Nf3 Bxf3 38. Qxf3 Qe7 39. Rf2 Re8 40. Kg2 a5 41. Rg4 a4 42. Rg3 a3 43. h4 Re4 44. h5 Rh4 45. Qd5+ Qe6 46. Qf3 Kh8 47. Qf7 Qe4+ 48. Qf3 Qb1 49. Rh3 Rxh3 50. Kxh3 Qe1 51. Kg2 Re5 52. Rf1 Qd2+ 53. Rf2 Qg5+ 54. Qg3 Qxh5 55. Qh3 Rg5+ 56. Kh2 Qxh3+ 57. Kxh3 Kg8 58. Rd2 Rg6 59. Kh4 Kf7 60. Kh5 Rf6 61. Kg5 Ke6 62. Re2+ Kd7 63. Kg4 Rf1 64. Kg5 Rb1 65. Kg6 Rb2 66. Re1 Rxa2 67. Kxg7 Rb2 68. Ra1 Rxb3 69. Kf6 Rf3+ 0-1

[Event "Madurai Athens of the East op 1st"]
[Site "Madurai"]
[Date "2019.08.16"]
[Round "8"]
[White "Samal, Ansuman"]
[Black "Prasannaa, S."]
[Result "0-1"]
[WhiteElo "1975"]
[BlackElo "2237"]
[PlyCount "56"]
[EventDate "2019.08.11"]
[EventType "swiss"]
[EventRounds "10"]
[EventCountry "IND"]
[SourceTitle "CBM 191 Extra"]
[Source "ChessBase"]
[SourceDate "2019.09.30"]
[SourceVersion "1"]
[SourceVersionDate "2019.09.30"]
[SourceQuality "1"]

1. e4 a6 2. a4 e5 3. d4 exd4 4. Qxd4 Nc6 5. Qe3 Nf6 6. Nc3 Bb4 7. Bd2 0-0 8. 0-0-0 Re8 9. Qg3 Nxe4 10. Nxe4 Rxe4 11. c3 Bf8 12. Bd3 Rxa4 13. Nf3 d5 14. Ng5 g6 15. f4 Ne7 16. Rhe1 Bf5 17. Kb1 c6 18. b3 Ra5 19. c4 Bg7 20. Bxa5 Qxa5 21. Re5 Bxe5 22. fxe5 h6 23. Nh3 dxc4 24. Bxf5 Nxf5 25. Qf3 cxb3 26. Qxb3 Rd8 27. Rxd8+ Qxd8 28. e6 Qe7 0-1

[Event "Mumbai Mayors Cup 12th"]
[Site "Mumbai"]
[Date "2019.06.09"]
[Round "1"]
[White "Samal, Ansuman"]
[Black "Aleksandrov, Aleksej"]
[Result "0-1"]
[WhiteElo "1939"]
[BlackElo "2588"]
[PlyCount "74"]
[EventDate "2019.06.09"]
[EventType "swiss"]
[EventRounds "10"]
[EventCountry "IND"]
[SourceTitle "CBM 190 Extra"]
[Source "ChessBase"]
[SourceDate "2019.07.15"]
[SourceVersion "1"]
[SourceVersionDate "2019.07.15"]
[SourceQuality "1"]

1. e4 e5 2. d4 exd4 3. Qxd4 Nc6 4. Qe3 g6 5. Nc3 Bg7 6. Bd2 Nf6 7. 0-0-0 0-0 8. f3 d5 9. exd5 Nxd5 10. Nxd5 Qxd5 11. c4 Qe6 12. f4 Qxe3 13. Bxe3 Re8 14. Bd2 Bf5 15. h3 h5 16. Ne2 Rad8 17. Bc3 h4 18. Rxd8 Rxd8 19. Be1 Ne5 20. Nc3 Bh6 21. Nd5 c6 22. Ne7+ Kh7 23. Nxf5 Bxf4+ 24. Kc2 gxf5 25. Bc3 f6 26. Be2 Rg8 27. Rf1 Rxg2 28. Rxf4 Rxe2+ 29. Kd1 Re4 30. Rxf5 Kg6 31. Rf2 Rxc4 32. Re2 Kf5 33. Kc2 b5 34. a3 c5 35. Kb3 Re4 36. Rf2+ Rf4 37. Rg2 Rf3 0-1

[Event "Bhubaneswar op 12th"]
[Site "Bhubaneswar"]
[Date "2019.06.06"]
[Round "9"]
[White "Deshmukh, Anup"]
[Black "Samal, Ansuman"]
[Result "1/2-1/2"]
[WhiteElo "2242"]
[BlackElo "1939"]
[PlyCount "120"]
[EventDate "2019.05.31"]
[EventType "swiss"]
[EventRounds "10"]
[EventCountry "IND"]
[SourceTitle "CBM 190 Extra"]
[Source "ChessBase"]
[SourceDate "2019.07.15"]
[SourceVersion "1"]
[SourceVersionDate "2019.07.15"]
[SourceQuality "1"]

1. c4 Nf6 2. Nf3 g6 3. b3 Bg7 4. Bb2 0-0 5. d3 d6 6. Nbd2 e5 7. Qc2 Nbd7 8. g3 Ne8 9. h4 Ndf6 10. d4 exd4 11. Nxd4 c5 12. N4f3 Bf5 13. Qc1 Nc7 14. Bg2 Re8 15. Nf1 d5 16. Ne3 Be4 17. 0-0 d4 18. Rd1 Qe7 19. Nf1 Ng4 20. Ba3 Rad8 21. Qg5 Qxg5 22. hxg5 d3 23. exd3 Bxa1 24. Rxa1 Bxd3 25. Bxc5 b6 26. Bb4 Re2 27. N1h2 Nxh2 28. Nxh2 Bf5 29. Bc3 Rc2 30. Be5 Ne8 31. Nf1 Be6 32. Bf3 f6 33. gxf6 Kf7 34. a4 Nxf6 35. Bd1 Rxd1 36. Rxd1 Nd7 37. Ne3 Ra2 38. Bd4 Nc5 39. Bxc5 bxc5 40. Rd8 Rb2 41. Rb8 Bd7 42. Rb7 Ke6 43. Rxa7 Rxb3 44. Ra6+ Ke5 45. a5 Ra3 46. Kg2 Ra4 47. g4 h5 48. gxh5 gxh5 49. Kg3 Ra2 50. Rh6 Rxa5 51. Rxh5+ Ke4 52. Rh6 Ra8 53. Rg6 Rf8 54. Rg5 Rc8 55. Nd5 Be6 56. Ne3 Rg8 57. Kh4 Rh8+ 58. Kg3 Rg8 59. Rxg8 Bxg8 60. Kg4 Kd4 1/2-1/2

[Event "Commonwealth-ch"]
[Site "New Delhi"]
[Date "2018.06.26"]
[Round "1"]
[White "Samal, Ansuman"]
[Black "Swapnil, S Dhopade"]
[Result "0-1"]
[WhiteElo "1922"]
[BlackElo "2495"]
[PlyCount "98"]
[EventDate "2018.06.26"]
[EventType "swiss"]
[EventRounds "9"]
[EventCountry "IND"]
[SourceTitle "CBM 185 Extra"]
[Source "ChessBase"]
[SourceDate "2018.07.29"]
[SourceVersion "1"]
[SourceVersionDate "2018.07.29"]
[SourceQuality "1"]

1. d4 Nf6 2. Bg5 Ne4 3. Bf4 c5 4. f3 Qa5+ 5. c3 Nf6 6. d5 e6 7. e4 exd5 8. exd5 d6 9. Qe2+ Kd8 10. Qd2 Nbd7 11. Na3 Be7 12. 0-0-0 a6 13. Nh3 h6 14. Nc4 Qc7 15. Re1 Bf8 16. g4 b5 17. Ne3 Nb6 18. Nf2 Bd7 19. Ne4 Nxe4 20. fxe4 Kc8 21. h4 Kb7 22. Bg2 Ka7 23. Rhf1 Re8 24. Bg3 Bc8 25. Qf2 f6 26. h5 Nd7 27. Nf5 Ne5 28. Qe2 Rg8 29. Bxe5 Rxe5 30. Nh4 Re8 31. Ng6 Be7 32. Qf3 Bd8 33. Kb1 Bd7 34. Qg3 Qb8 35. Rc1 c4 36. Ka1 Bb6 37. Nf4 Bc5 38. Rfd1 Qb6 39. Ne2 Rb8 40. Nd4 b4 41. Bf1 bxc3 42. Qxc3 Rgc8 43. Be2 Bb4 44. Qe3 c3 45. b3 a5 46. Bb5 Bxg4 47. Rg1 Bc5 48. Rxg4 Bxd4 49. Rxg7+ Ka8 0-1

[Event "Asia Cities-ch 20th"]
[Site "Bhubaneswar"]
[Date "2017.08.30"]
[Round "7.6"]
[White "Nayak, Rajesh"]
[Black "Samal, Ansuman"]
[Result "1-0"]
[WhiteElo "2211"]
[BlackElo "1927"]
[PlyCount "41"]
[EventDate "2017.08.26"]
[EventType "team-swiss"]
[EventRounds "9"]
[EventCountry "IND"]
[SourceTitle "CBM 180 Extra"]
[Source "ChessBase"]
[SourceDate "2017.10.06"]
[SourceVersion "1"]
[SourceVersionDate "2017.10.06"]
[SourceQuality "1"]
[WhiteTeam "Puri"]
[BlackTeam "Cuttack"]
[WhiteTeamCountry "IND"]
[BlackTeamCountry "IND"]

1. e4 b6 2. d4 Bb7 3. Nc3 e6 4. Nf3 Bb4 5. Bd3 Nf6 6. Qe2 d5 7. exd5 Nxd5 8. Bd2 Nxc3 9. bxc3 Be7 10. 0-0 0-0 11. Ne5 Nd7 12. f4 c5 13. f5 exf5 14. Rxf5 Nxe5 15. dxe5 g6 16. Rff1 Bg5 17. e6 Bd5 18. Qe5 f6 19. e7 Qd7 20. exf8Q+ Rxf8 21. Qe2 1-0

[Event "Bhubaneswar op 10th"]
[Site "Bhubaneswar"]
[Date "2017.05.31"]
[Round "8"]
[White "Samal, Ansuman"]
[Black "Sahoo, Utkal Ranjan"]
[Result "1-0"]
[WhiteElo "1803"]
[BlackElo "2256"]
[PlyCount "76"]
[EventDate "2017.05.26"]
[EventType "swiss"]
[EventRounds "10"]
[EventCountry "IND"]
[SourceTitle "CBM 178 Extra"]
[Source "ChessBase"]
[SourceDate "2017.06.22"]
[SourceVersion "1"]
[SourceVersionDate "2017.06.22"]
[SourceQuality "1"]

1. e4 e5 2. d4 exd4 3. Qxd4 Nc6 4. Qe3 Nf6 5. Nc3 Bb4 6. Bd2 0-0 7. 0-0-0 Re8 8. Qg3 d6 9. f3 Ne5 10. h4 Kh8 11. Nh3 Qe7 12. a3 Ba5 13. Ng5 c6 14. f4 Neg4 15. Bc4 Rf8 16. e5 dxe5 17. fxe5 Nxe5 18. Rhe1 Bc7 19. Bf4 Nh5 20. Bxe5 Nxg3 21. Bxg7+ Kxg7 22. Rxe7 Bf4+ 23. Kb1 Nf5 24. Re4 Bc7 25. Rf1 Bd8 26. Ref4 Bc7 27. R4f3 b6 28. Be6 Ba6 29. Ne2 b5 30. Nf4 Bxf4 31. Rxf4 c5 32. Re4 Bb7 33. g4 a5 34. b4 a4 35. Rd1 Bc8 36. Rd8 Re8 37. Rxe8 Bb7 38. h5 h6 1-0

[Event "IND-ch U13 29th"]
[Site "Gurgaon"]
[Date "2015.09.03"]
[Round "7"]
[White "Iniyan, Panneerseluam"]
[Black "Samal, Ansuman"]
[Result "1-0"]
[WhiteElo "2214"]
[BlackElo "1879"]
[PlyCount "85"]
[EventDate "2015.08.30"]
[EventType "swiss"]
[EventRounds "11"]
[EventCountry "IND"]
[SourceTitle "EXT 2016"]
[Source "ChessBase"]
[SourceDate "2015.10.08"]
[SourceVersion "1"]
[SourceVersionDate "2015.10.08"]
[SourceQuality "1"]

1. d4 Nf6 2. c4 g6 3. Nc3 Bg7 4. e4 d6 5. Nf3 0-0 6. Be2 e5 7. 0-0 Nc6 8. d5 Ne7 9. b4 Nh5 10. Re1 f5 11. Ng5 Nf6 12. Bf3 c6 13. Qb3 h6 14. Ne6 Bxe6 15. dxe6 fxe4 16. Nxe4 Nxe4 17. Bxe4 Qc8 18. Rd1 Rd8 19. Qh3 d5 20. Bc2 e4 21. Bxh6 Bxa1 22. Bg5 Bg7 23. Bxe7 Re8 24. Bc5 Qxe6 25. Qxe6+ Rxe6 26. cxd5 cxd5 27. Bb3 Kh7 28. Rxd5 Rc8 29. Rd7 Rec6 30. Rxb7 a5 31. g3 axb4 32. Be3 R8c7 33. Rxb4 Re7 34. Bd5 Ra6 35. a4 Ra5 36. Bxe4 Bc3 37. Rc4 Rae5 38. Bc2 Ba5 39. Rh4+ Kg8 40. Bxg6 Bd8 41. Rg4 Rg7 42. Bd4 Re1+ 43. Kg2 1-0